Ryan Adams - Heartbreaker Songs - Statistics

General Stats
  • This quiz has been taken 4 times
  • The average score is 4 of 14
Answer Stats
Heartbreaker % Correct
1 To be young
100%
2 my winding wheel
67%
4 oh my sweet carolina
67%
3 amy
33%
5 bartering lines
33%
6 call me on your way back home
33%
8 come pick me up
33%
7 damn sam
0%
12 dont ask for the water
0%
13 in my time of need
0%
11 shakedown on 9th
0%
14 sweet lil gal
0%
9 to be the one
0%
10 why do they leave
0%
No matching quizzes found
Score Distribution
Percent of People with Each Score
Percentile by Number Answered
Your Score History
You have not taken this quiz